| 000 | 00636cam a22002293a 4500 | ||
|---|---|---|---|
| 001 | 6602 | ||
| 003 | PGUSA | ||
| 005 | 20140828083134.0 | ||
| 008 | 041001s2004||||xxu|||||s|||||000 1 eng d | ||
| 040 |
_aPGUSA _beng |
||
| 042 | _adc | ||
| 050 | 4 | _aPQ | |
| 100 | 1 |
_aSue, Eugène, _d1804-1857 |
|
| 245 | 1 | 0 |
_aMysteries of Paris — Volume 02 _h[electronic resource] / _cEugène Sue |
| 260 |
_bProject Gutenberg, _c2004 |
||
| 506 | _aPublic domain in the USA. | ||
| 516 | _aElectronic text | ||
| 653 | _aParis (France) -- Fiction | ||
| 830 | 0 |
_aProject Gutenberg _v6602 |
|
| 856 | 4 | 0 | _uhttp://www.gutenberg.org/ebooks/6602 |
| 942 | _cEB | ||
| 999 |
_c235922 _d235922 |
||